Le parcours le plus loin en Europe des clubs français - Statistiques

Statistiques générales
  • Ce quiz a été pris 106 fois
  • Le résultat moyen est 26 sur 68
Statistiques - réponses
Club Réponse % Correct
OM Vainqueur
94%
PSG Finale
81%
OL Demi finale
79%
AS Monaco Finale
78%
Stade de Reims Finale
78%
AS Saint-Etienne Finale
78%
FC Nantes Demi finale
71%
Girondins de Bordeaux Demi finale
68%
AJ Auxerre Quart de finale
61%
LOSC Huitième de finale
58%
OGC Nice Quart de finale
52%
RC Strasbourg Alsace Quart de finale
51%
PSG Vainqueur
50%
AS Monaco Finale
47%
OM Finale
47%
Montpellier HSC Phase de groupe
46%
Stade Rennais Phase de groupe
44%
OL Demi finale
43%
RC Lens Phase de groupe
43%
FC Nantes Demi finale
42%
Girondins de Bordeaux Demi finale
42%
FC Metz Tour de qualification
39%
OM Demi finale
38%
AJ Auxerre Quart de finale
38%
OM Demi finale
34%
SC Bastia Finale
34%
Toulouse FC 3ème tour de qualification
33%
RC Lens Demi finale
33%
PSG Demi finale
33%
AS Monaco Demi finale
32%
Girondins de Bordeaux Finale
32%
SC Bastia Huitième de finale
32%
Stade Rennais Huitième de finale
31%
LOSC (en cours) Huitième de finale
31%
OGC Nice Quart de finale
31%
OL Demi finale
30%
AJ Auxerre Demi finale
30%
AS Saint Etienne Huitième de finale
30%
FC Metz Huitième de finale
30%
Toulouse (en cours) Seizième de finale
30%
OGC Nice Huitième de finale
29%
RC Lens Huitième de finale
29%
Montpellier HSC Quart de finale
29%
Stade Rennais Seizième de finale
29%
Stade Lavallois MFC Seizième de finale
29%
FC Sochaux-Montbéliard Demi finale
28%
AS Nancy Lorraine Huitième de finale
28%
LOSC Huitième de finale
28%
FC Metz Huitième de finale
28%
AS Saint Etienne Quart de finale
28%
AS Nancy Lorraine Seizième de finale
28%
RC Strasbourg Alsace Huitième de finale
27%
RC Strasbourg Alsace Huitième de finale
27%
OGC Nice Huitième de finale
27%
FC Nantes Quart de finale
27%
EA Guimgamp Seizième de finale
24%
AS Cannes Seizième de finale
23%
ES Troyes AC Trente-deuxième de finale
21%
SM Caen Trente-deuxième de finale
21%
Montpellier HSC Trente-deuxième de finale
20%
Nîmes Olympique Tour de qualification
19%
CS Sedan Ardennes Tour de qualification
19%
FC Gueugnon Tour de qualification
19%
LB Châteauroux Tour de qualification
19%
CS Sedan Ardennes Tour préliminaire
19%
Stade de Reims 3ème Tour de qualification
18%
FC Lorient Tour de qualification
18%
Angers SCO Tour de qualification
18%
Aucun quiz correspondant
Distribution des résultats
% des personnes avec chaque résultat
Percentile par nombre de réponses
Votre historique - résultats
Vous n’avez pas pris ce quiz